000 00442pab a2200157 454500
008 180718b2003 xxu||||| |||| 00| 0 eng d
100 _aSilberling, Louise S.
245 _aDisplacement and quilombos in Alcantara, Brazil: modernity, identity, and place
260 _c2003
300 _ap.145-56.
362 _aMar
650 _aRefugees - Brazil
650 _aRefugees
773 _aInternational Social Science Journal
909 _a57435
999 _c57435
_d57435